[Event "93rd ch-GBR"]
[Site "Swansea WLS"]
[Date "2006.08.16"]
[Round "10"]
[White "Cannon,Ri"]
[Black "Bennet,W"]
[Result "1/2-1/2"]
[WhiteElo "2102"]
[BlackElo "2180"]
[EventDate "2006.08.07"]

1. e4 c5 2. Nf3 Nc6 3. d4 cxd4 4. Nxd4 g6 5. Nc3 Bg7 6. Be3 Nf6 7. Nb3 O-O
8. Be2 a5 9. a4 d5 10. exd5 Nb4 11. Bf3 Bf5 12. Rc1 Rc8 13. Na1 Ne8 14. Bd4
e5 15. Be3 Nd6 16. Be2 Nc4 17. Bxc4 Rxc4 18. Qe2 Qc8 19. O-O e4 20. Nb5 Rd8
21. Na7 Qc7 22. d6 Qxd6 23. Qxc4 Bxb2 24. Rb1 Be5 25. h3 Qf6 26. Qe2 Nd5
27. Nb5 Qh4 28. f4 Nxf4 29. Bxf4 Bxf4 30. Qf2 Bg3 31. Qe2 Bf4 32. Qf2 Bg3
33. Qe2 Bf4 1/2-1/2

[Event "93rd ch-GBR"]
[Site "Swansea WLS"]
[Date "2006.08.16"]
[Round "10"]
[White "Moyse,N"]
[Black "Sugden,J"]
[Result "1-0"]
[WhiteElo "2036"]
[BlackElo "2166"]
[EventDate "2006.08.07"]

1. d4 Nf6 2. c4 c5 3. d5 e5 4. Nc3 d6 5. g3 Be7 6. Bg2 O-O 7. Nf3 Ne8 8. e4
Nd7 9. Bh3 g6 10. Bh6 Ng7 11. Qd2 Kh8 12. Ng5 Nf6 13. Bxc8 Qxc8 14. h4 Ng8
15. Bxg7+ Kxg7 16. O-O-O h6 17. Nh3 a6 18. Qe2 Rb8 19. f4 Bf6 20. f5 gxf5
21. Qh5 fxe4 22. Nxe4 Be7 23. Rdf1 f6 24. g4 Qe8 25. Qxe8 Rbxe8 26. Ng3 Rf7
27. Nf5+ Kg6 28. h5+ Kh7 29. Nf2 Bf8 30. Ne4 Rd8 31. a4 Rfd7 32. Rh3 Bg7
33. Rb3 Ne7 34. Nxe7 Rxe7 35. Rb6 Red7 36. Kc2 Kg8 37. Rf3 Kf7 38. Rfb3 Bf8
39. Rxb7 Be7 40. R3b6 a5 41. Rxd7 Rxd7 42. Ra6 Rd8 43. Rxa5 Rg8 44. Ra7
Rxg4 45. Nxd6+ Kf8 46. Ra8+ Bd8 47. Rxd8+ Ke7 48. Nb7 Rxc4+ 49. Kb1 Rxa4
50. d6+ Kf7 51. Rd7+ Kf8 52. Nxc5 Rc4 53. Ne6+ Kg8 54. Rg7+ 1-0

[Event "93rd ch-GBR"]
[Site "Swansea WLS"]
[Date "2006.08.16"]
[Round "10"]
[White "Dilleigh,S"]
[Black "Roberts,DL"]
[Result "0-1"]
[WhiteElo "2134"]
[BlackElo "2126"]
[EventDate "2006.08.07"]

1. d4 d5 2. c4 e5 3. dxe5 d4 4. Nf3 Nc6 5. Nbd2 Bg4 6. h3 Bxf3 7. Nxf3 Qd7
8. a3 O-O-O 9. b4 f6 10. exf6 Nxf6 11. b5 Na5 12. Qa4 Bc5 13. Qxa5 Rhe8 14.
Bf4 Bb6 15. Qb4 Qf5 16. g3 Qc2 17. h4 Kb8 18. Rc1 d3 19. Rxc2 dxc2 20. Bd2
Ne4 21. e3 Nxd2 22. Qb2 c1=Q+ 23. Qxc1 Nxf3+ 24. Ke2 Nd4+ 25. Kd3 Nb3+ 0-1

[Event "93rd ch-GBR"]
[Site "Swansea WLS"]
[Date "2006.08.16"]
[Round "10"]
[White "Chevannes,S"]
[Black "Thomas,Jos"]
[Result "1-0"]
[WhiteElo "2080"]
[BlackElo "2029"]
[EventDate "2006.08.07"]

1. d4 Nf6 2. Nf3 d6 3. Nc3 c6 4. e4 Bg4 5. Be3 e6 6. Be2 d5 7. Bg5 Be7 8.
Bxf6 Bxf6 9. O-O Bxf3 10. Bxf3 dxe4 11. Nxe4 Bxd4 12. Qe2 Qc7 13. Rad1 Be5
14. g3 O-O 15. c3 Na6 16. Bg2 g6 17. h4 Rad8 18. Rfe1 Bg7 19. h5 Qa5 20. g4
Qxa2 21. Qe3 Nc7 22. h6 Bh8 23. Qf3 f5 24. gxf5 exf5 25. Nd6 Nd5 26. Nxb7
Rb8 27. Nd6 Bf6 28. c4 Nb4 29. Qe2 Qxb2 30. Qe6+ Kh8 31. Nf7+ Rxf7 32. Qxf7
Bd4 33. Re8+ 1-0

[Event "93rd ch-GBR"]
[Site "Swansea WLS"]
[Date "2006.08.17"]
[Round "11"]
[White "Arakhamia,K"]
[Black "Pert,N"]
[Result "1-0"]
[WhiteElo "2427"]
[BlackElo "2503"]
[EventDate "2006.08.07"]

1. e4 e6 2. d4 d5 3. Nc3 Bb4 4. e5 c5 5. a3 Bxc3+ 6. bxc3 Ne7 7. Nf3 Nbc6
8. Bd3 Qa5 9. Bd2 c4 10. Be2 Bd7 11. a4 f6 12. O-O fxe5 13. Nxe5 Nxe5 14.
dxe5 O-O 15. Qb1 Qc7 16. f4 Be8 17. Bg4 Qd7 18. Be3 Bg6 19. Qb5 Nc6 20. Rf2
Be4 21. Bc5 Rf7 22. Bd6 Kh8 23. Qc5 Ne7 24. Qe3 Nf5 25. Qh3 Nxd6 26. Bxe6
Qc6 27. exd6 Rf6 28. f5 Qxd6 29. Qe3 Qb6 30. Qd4 Qxd4 31. cxd4 g6 32. g4
gxf5 33. gxf5 Raf8 34. h3 b6 35. Raf1 Kg7 36. Kh2 Rh6 37. c3 Kf6 38. Kg3
Re8 39. Rf4 Re7 40. Rg4 Rg7 41. h4 Rxg4+ 42. Kxg4 Ke7 43. Re1 Kf6 44. Re2
Kg7 45. Rb2 Rf6 46. a5 Kf8 47. Kf4 1-0

[Event "93rd ch-GBR"]
[Site "Swansea WLS"]
[Date "2006.08.17"]
[Round "11"]
[White "Hebden,M"]
[Black "Greet,A"]
[Result "1-0"]
[WhiteElo "2532"]
[BlackElo "2431"]
[EventDate "2006.08.07"]

1. d4 Nf6 2. Nf3 e6 3. c3 b6 4. Bg5 Bb7 5. Nbd2 Be7 6. e3 h6 7. Bf4 Nh5 8.
Bg3 Nxg3 9. hxg3 d6 10. Qa4+ Nd7 11. Ba6 Qc8 12. Bxb7 Qxb7 13. e4 c5 14. d5
exd5 15. exd5 O-O 16. c4 a6 17. Qc2 b5 18. b3 Rfe8 19. O-O Bf8 20. g4 g6
21. g5 h5 22. Rae1 Bg7 23. Ne4 Qc7 24. Qd2 Be5 25. Nxe5 Rxe5 26. Nf6+ Nxf6
27. gxf6 Kh7 28. Rxe5 dxe5 29. Re1 bxc4 30. bxc4 Re8 31. Qg5 e4 32. Re3 Qe5
33. Qxe5 Rxe5 34. Ra3 g5 35. Kf1 Rf5 36. Ke2 Rxf6 37. Re3 Rb6 38. Rxe4 Kg6
39. Re8 Kf5 40. Ke3 Rb4 41. d6 Rb7 42. Re7 Rb6 43. Rxf7+ Ke6 44. Rh7 Rxd6
45. Rxh5 Rd4 46. Rxg5 Rxc4 47. Rg6+ Ke5 48. Rxa6 Re4+ 49. Kd2 Rd4+ 50. Kc3
Rd1 51. Ra8 Rf1 52. Rf8 Ra1 53. Kb2 Rg1 54. g3 Kd4 55. a4 Re1 56. Rf4+ Kd3
57. Rf3+ Kc4 58. Rf4+ Kd3 59. Rf3+ Kc4 60. g4 Kb4 61. g5 Re2+ 62. Kc1 c4
63. g6 Re1+ 64. Kd2 Re8 65. g7 Rd8+ 66. Kc2 Rg8 67. Rg3 1-0

[Event "93rd ch-GBR"]
[Site "Swansea WLS"]
[Date "2006.08.17"]
[Round "11"]
[White "Gormally,D"]
[Black "Gordon,S"]
[Result "1-0"]
[WhiteElo "2513"]
[BlackElo "2443"]
[EventDate "2006.08.07"]

1. d4 Nf6 2. c4 e6 3. Nf3 b6 4. g3 Ba6 5. Qc2 Bb7 6. Bg2 c5 7. d5 exd5 8.
cxd5 Bxd5 9. Nc3 Bc6 10. e4 d6 11. Bf4 Nh5 12. Be3 Nd7 13. O-O-O Be7 14. g4
Nhf6 15. g5 Ng4 16. Bf4 Qc7 17. Nd5 Bxd5 18. exd5 Rd8 19. Nd4 O-O 20. Nc6
Rde8 21. Be4 g6 22. h4 f5 23. Bg2 Bd8 24. Kb1 Nge5 25. h5 Rf7 26. hxg6 Nxg6
27. Bc1 f4 28. Be4 Ndf8 29. b3 Bxg5 30. Rdg1 Bf6 31. Rxg6+ Nxg6 32. Bxg6
hxg6 33. Qxg6+ Bg7 34. Bb2 Re5 35. Nxe5 dxe5 36. Rg1 Qe7 37. d6 Qe8 38. Rg5
Qb5 39. Rxe5 Qf1+ 40. Bc1 Qd1 41. Re7 Qd5 42. Bxf4 Qd1+ 43. Bc1 Qd5 44.
Re8+ Rf8 45. Qe6+ Qxe6 46. Rxe6 Bf6 47. Bh6 Rf7 48. Re8+ Kh7 49. Bf4 Kg6
50. Kc2 Bh4 51. Be3 Rd7 52. Re4 Bf6 53. Bf4 Kf5 54. Kd3 Bh4 55. Bh2 Bf6 56.
Bg3 1-0

[Event "93rd ch-GBR"]
[Site "Swansea WLS"]
[Date "2006.08.17"]
[Round "11"]
[White "Lalic,B"]
[Black "Pert,R"]
[Result "1/2-1/2"]
[WhiteElo "2488"]
[BlackElo "2445"]
[EventDate "2006.08.07"]

1. d4 Nf6 2. c4 e6 3. Nf3 d5 4. Nc3 dxc4 5. e4 Bb4 6. Bg5 c5 7. e5 cxd4 8.
Qa4+ Nc6 9. O-O-O Bd7 10. Ne4 Be7 11. exf6 gxf6 12. Bh4 e5 13. Bxc4 1/2-1/2

[Event "93rd ch-GBR"]
[Site "Swansea WLS"]
[Date "2006.08.17"]
[Round "11"]
[White "Davies,Ni"]
[Black "Cobb,J"]
[Result "1-0"]
[WhiteElo "2512"]
[BlackElo "2370"]
[EventDate "2006.08.07"]

1. c4 Nf6 2. Nc3 e5 3. Nf3 Nc6 4. g3 d6 5. Bg2 g6 6. d4 exd4 7. Nxd4 Bd7 8.
b3 Bg7 9. Bb2 O-O 10. O-O Re8 11. Nc2 Bf5 12. Ne3 Rxe3 13. fxe3 Ng4 14. Qd2
Nxe3 15. Qxe3 Bd4 16. Qxd4 Nxd4 17. Rad1 Qg5 18. Kh1 c5 19. Nd5 Qh6 20. Rf4
Be6 21. Rdf1 Nxe2 22. Rh4 Qd2 23. Nf6+ Kf8 24. Nxh7+ Ke7 25. Bf6+ Kd7 26.
Ng5 Re8 27. Rh7 Nd4 28. Nxe6 Rxe6 29. Rxf7+ Ke8 30. Bxd4 Qxd4 31. Rf8+ Kd7
32. R1f7+ Re7 33. Bh3+ Kc6 34. Rxe7 1-0

[Event "93rd ch-GBR"]
[Site "Swansea WLS"]
[Date "2006.08.17"]
[Round "11"]
[White "Roberson,P"]
[Black "Ward,C"]
[Result "0-1"]
[WhiteElo "2122"]
[BlackElo "2461"]
[EventDate "2006.08.07"]

1. e4 c5 2. c3 d5 3. exd5 Qxd5 4. d4 Nf6 5. Nf3 Bg4 6. dxc5 Qxd1+ 7. Kxd1
Nc6 8. b4 a5 9. b5 Ne5 10. Nbd2 e6 11. c6 bxc6 12. h3 Nxf3 13. Nxf3 Bxf3+
14. gxf3 Bc5 15. Be3 Bxe3 16. fxe3 Nd5 17. Kd2 O-O-O 18. c4 Nb6+ 19. Ke1
Na4 20. Rc1 Kc7 21. Rh2 Nc5 22. Rhc2 e5 23. Ke2 Rd6 24. Rb1 Rb8 25. Rcb2
Rd3 26. Kf2 Rd6 27. Ke2 f5 28. bxc6 Rxb2+ 29. Rxb2 Kxc6 30. Rb5 a4 31. Ra5
Rd7 32. Rb5 Rd8 33. Rb4 f4 34. Rb5 Rd7 35. Rb4 Rd3 36. exf4 exf4 37. Rb2
Ra3 38. Rd2 Na6 39. Rb2 Kc5 40. Rb5+ Kxc4 41. Rf5 Nc5 42. Rxf4+ Kd5 43. Kd1
Rxa2 44. Bc4+ Ke5 45. Rf7 Rg2 46. Ra7 h6 47. Bb5 g5 48. Ra8 Ra2 49. Kc1 Ra3
50. Bc6 Kf4 51. Ra5 Nb3+ 0-1

[Event "93rd ch-GBR"]
[Site "Swansea WLS"]
[Date "2006.08.17"]
[Round "11"]
[White "Haslinger,S"]
[Black "Buckley,G"]
[Result "1-0"]
[WhiteElo "2423"]
[BlackElo "2379"]
[EventDate "2006.08.07"]

1. e4 g6 2. d4 Bg7 3. Nc3 d6 4. Bg5 a6 5. Qd2 Nc6 6. d5 Nd4 7. Be3 e5 8.
dxe6 Nxe6 9. O-O-O Bd7 10. g4 Bc6 11. h4 Nf6 12. f3 h5 13. g5 Nd7 14. f4
O-O 15. Bg2 Nec5 16. Bd4 Re8 17. Bxg7 Kxg7 18. Qd4+ Kh7 19. Nge2 Re7 20.
Ng3 Qh8 21. Qf2 Nb6 22. e5 Bxg2 23. Qxg2 dxe5 24. f5 Qe8 25. Qe2 Rd8 26.
Nxh5 Rxd1+ 27. Rxd1 gxh5 28. Qxh5+ Kg8 29. f6 Rd7 30. Rg1 Qf8 31. g6 fxg6
32. Rxg6+ Kf7 33. Rg5+ Ke6 34. Rxe5+ Kd6 35. Rxc5 Re7 36. Rd5+ Kc6 37. fxe7
1-0

[Event "93rd ch-GBR"]
[Site "Swansea WLS"]
[Date "2006.08.17"]
[Round "11"]
[White "Houska,Jo"]
[Black "Palliser,R"]
[Result "0-1"]
[WhiteElo "2364"]
[BlackElo "2413"]
[EventDate "2006.08.07"]

1. e4 c5 2. Nf3 d6 3. d4 cxd4 4. Nxd4 Nf6 5. Nc3 a6 6. Bc4 e6 7. Bb3 b5 8.
Bg5 Be7 9. Qf3 Qc7 10. e5 Bb7 11. exd6 Bxd6 12. Qe3 Bc5 13. O-O-O Nc6 14.
Bxf6 gxf6 15. Nd5 Qd8 16. Qf4 Bxd4 17. Rhe1 Be5 18. Rxe5 fxe5 19. Nf6+ Ke7
20. Qg5 Nd4 21. c3 h6 22. Qh4 Kf8 23. cxd4 Rc8+ 24. Kb1 Be4+ 25. Ka1 Bg6
26. a4 exd4 27. Qf4 d3 28. Qe5 d2 29. Nd7+ Qxd7 30. Qxh8+ Ke7 31. Qxh6 bxa4
32. Qh4+ Kf8 33. Qh8+ Ke7 34. Qh4+ f6 35. Qxa4 Rc1+ 36. Ka2 Qd6 37. Qh4
Bb1+ 38. Ka1 Bc2+ 39. Ka2 Bxb3+ 40. Kxb3 Qd5+ 41. Ka3 Rxd1 42. Qh7+ Kd6 0-1

[Event "93rd ch-GBR"]
[Site "Swansea WLS"]
[Date "2006.08.17"]
[Round "11"]
[White "Williams,Si"]
[Black "Rudd,J"]
[Result "1/2-1/2"]
[WhiteElo "2473"]
[BlackElo "2328"]
[EventDate "2006.08.07"]

1. c4 e5 2. Nc3 Nc6 3. Nf3 Nf6 4. g3 g6 5. d4 exd4 6. Nxd4 Bg7 7. Bg2 O-O
8. Nc2 d6 9. O-O Be6 10. Ne3 Re8 11. h3 Qd7 12. Kh2 Rad8 13. Ned5 h6 14. e4
Ne5 15. Qe2 c6 16. Ne3 d5 17. cxd5 cxd5 18. exd5 Bf5 19. Rd1 h5 20. Qb5
Qxb5 21. Nxb5 Bd3 22. Nc3 Ba6 23. Bf1 Bxf1 24. Nxf1 Nf3+ 25. Kg2 Ne1+ 26.
Kh1 Nc2 27. Rb1 Nb4 28. Ne3 Rd7 29. a3 Na6 30. Nc4 Ne4 31. Nxe4 Rxe4 32.
Ne3 Rd4 33. Bd2 Nc7 34. Bc3 Rxd1+ 35. Rxd1 Bh6 36. d6 Ne8 37. Nd5 Bg7 38.
Ne7+ Kf8 39. Bxg7+ Kxg7 40. Nc8 a6 41. Kg2 f6 42. Kf3 Kf7 43. g4 hxg4+ 44.
hxg4 Ke6 45. Re1+ Kf7 46. Rh1 Ke6 47. Re1+ Kf7 48. g5 f5 49. Rd1 Ke6 50.
Ke3 Rd8 51. Kf4 Nxd6 52. Nxd6 Rxd6 53. Re1+ Kd7 54. Rh1 Re6 55. f3 b5 56.
Rc1 Kd8 57. b3 Kd7 58. Rc5 Kd6 59. Rc8 Kd7 60. Ra8 Ke7 61. Ra7+ Ke8 62. a4
bxa4 63. bxa4 Kf8 64. a5 1/2-1/2

[Event "93rd ch-GBR"]
[Site "Swansea WLS"]
[Date "2006.08.17"]
[Round "11"]
[White "Knott,S"]
[Black "Ledger,D"]
[Result "1/2-1/2"]
[WhiteElo "2387"]
[BlackElo "2274"]
[EventDate "2006.08.07"]

1. Nf3 f5 2. g3 Nf6 3. Bg2 e6 4. O-O Be7 5. c4 O-O 6. d4 d6 7. Nc3 Ne4 8.
Nxe4 fxe4 9. Nd2 d5 10. f3 e3 11. Nb1 dxc4 12. Bxe3 Bf6 13. Nd2 Bxd4 14.
Nxc4 e5 15. f4 Bxe3+ 16. Nxe3 Qxd1 17. Raxd1 Nc6 18. Bd5+ Kh8 19. Bxc6 bxc6
20. fxe5 Rxf1+ 21. Kxf1 Bh3+ 22. Ke1 Kg8 23. Rc1 Bd7 24. Rc5 Rb8 25. Nc4
Rb5 26. Rxb5 cxb5 27. Nd2 Kf7 28. Ne4 Be6 29. a3 Kg6 30. Nc3 Bc4 31. Kd2
Kf5 32. b3 Bxb3 33. Nxb5 Kxe5 34. Nxc7 Bc4 35. e3 g6 36. Kc3 Bf1 37. Ne8 h5
38. Kd2 Bb5 39. Nc7 Bc4 40. Kc3 Bf1 41. Kb4 Ke4 42. Ne6 Kxe3 43. Nf4 Kf3
44. Nxg6 Kg2 45. Nf4+ Kxh2 46. Nxh5 Kh3 47. Ka5 Kg4 48. Ng7 Kxg3 49. Nf5+
Kf4 50. Nd4 Ke4 51. Nc6 a6 52. Nb4 Kd4 53. Nxa6 Bxa6 54. Kxa6 Kc5 55. a4
Kc6 1/2-1/2

[Event "93rd ch-GBR"]
[Site "Swansea WLS"]
[Date "2006.08.17"]
[Round "11"]
[White "Khandelwal,A"]
[Black "Sowray,P"]
[Result "0-1"]
[WhiteElo "1974"]
[BlackElo "2357"]
[EventDate "2006.08.07"]

1. e4 g6 2. d4 Bg7 3. c3 d6 4. f4 Nf6 5. e5 Nd5 6. Bc4 Nb6 7. Bb3 O-O 8.
Be3 dxe5 9. fxe5 c5 10. Qd2 Bf5 11. Nf3 Nc6 12. Bh6 cxd4 13. Bxg7 Kxg7 14.
cxd4 Bg4 15. d5 Bxf3 16. gxf3 Nxe5 17. O-O Ned7 18. Nc3 Nf6 19. Rad1 Qc7
20. Ne4 Qe5 21. d6 Nxe4 22. fxe4 exd6 23. Qxd6 Rae8 24. Rf4 Qxd6 25. Rxd6
Re7 26. Kf2 Nd7 27. Bd5 Ne5 28. Ke3 Rc8 29. h4 Rc2 30. b4 h5 31. Rd8 Rb2
32. Bb3 Rh2 33. Rb8 Rh3+ 34. Kd2 b6 0-1

[Event "93rd ch-GBR"]
[Site "Swansea WLS"]
[Date "2006.08.17"]
[Round "11"]
[White "Mason,D"]
[Black "Taylor,Mart"]
[Result "1/2-1/2"]
[WhiteElo "2266"]
[BlackElo "2332"]
[EventDate "2006.08.07"]

1. e4 e5 2. Nf3 Nc6 3. Bb5 a6 4. Ba4 Nf6 5. O-O Be7 6. Re1 b5 7. Bb3 d6 8.
c3 O-O 9. h3 Na5 10. Bc2 c5 11. d4 Qc7 12. Nbd2 cxd4 13. cxd4 Rd8 14. b3
exd4 15. Bb2 Nc6 16. Nxd4 Nxd4 17. Bxd4 Be6 18. Rc1 Qa5 19. Nf1 d5 20. e5
Ne4 21. f3 Ba3 22. fxe4 Bxc1 23. Qxc1 Rac8 24. Re2 1/2-1/2

[Event "93rd ch-GBR"]
[Site "Swansea WLS"]
[Date "2006.08.17"]
[Round "11"]
[White "Rendle,T"]
[Black "Eggleston,D"]
[Result "1/2-1/2"]
[WhiteElo "2390"]
[BlackElo "2232"]
[EventDate "2006.08.07"]

1. f4 d5 2. Nf3 Nf6 3. g3 Nbd7 4. Bg2 e6 5. O-O Bd6 6. Nc3 c6 7. Kh1 b5 8.
a3 a5 9. d3 Ba6 10. e4 b4 11. Ne2 dxe4 12. dxe4 Be7 13. e5 Nd5 14. Nfd4 Qc7
15. f5 Nxe5 16. fxe6 O-O 17. exf7+ Rxf7 18. Rxf7 Nxf7 19. Nxc6 Qxc6 20. Nf4
Rd8 21. Nxd5 Kh8 22. Qh5 Qxc2 23. Be3 Bb7 24. Rg1 Bxd5 25. Bxd5 Qd3 1/2-1/2

[Event "93rd ch-GBR"]
[Site "Swansea WLS"]
[Date "2006.08.17"]
[Round "11"]
[White "Addison,B"]
[Black "Tippleston,C"]
[Result "1-0"]
[WhiteElo "2241"]
[BlackElo "2203"]
[EventDate "2006.08.07"]

1. d4 d5 2. c4 c6 3. Nc3 Nf6 4. cxd5 cxd5 5. f3 Nc6 6. e4 e6 7. e5 Nd7 8.
f4 f5 9. Nf3 Ndb8 10. Bd3 g6 11. O-O b6 12. a3 Ba6 13. Nb5 Bxb5 14. Bxb5 a6
15. Be2 h6 16. Kh1 h5 17. b3 Ra7 18. Bb2 Rc7 19. b4 Qd7 20. Nd2 Na7 21. Qb3
Kf7 22. Nf3 Be7 23. a4 b5 24. Ne1 bxa4 25. Rxa4 Rb7 26. Nd3 Rc8 27. Qd1 Rh8
28. Qa1 Nb5 29. Rc1 Rc8 30. Nc5 Bxc5 31. bxc5 Ra7 32. Bc3 Nxc3 33. Rxc3 Nc6
34. Qd1 Rb8 35. Ra1 a5 36. Bxh5 gxh5 37. Qxh5+ Ke7 38. Qg5+ Ke8 39. Rg3 Qf7
40. Qh6 Ne7 41. h4 Ra6 42. h5 Kd7 43. Rg7 Qf8 44. Qf6 a4 45. Rf7 Qe8 46.
c6+ Rxc6 47. Rxa4 Rcb6 48. h6 Kc6 49. Qxe7 Qxe7 50. Rxe7 Kb5 51. Ra1 Kc4
52. Rd1 Kc3 53. Rc7+ Kb2 54. h7 Rb4 55. Rd2+ Kb3 56. Rd3+ Kb2 57. Rh3 Rh8
58. Rg7 Rbb8 59. Kg1 Kc2 60. Kf2 Kd2 61. Ra7 Kc2 62. Ra2+ Kb1 63. Re2 Rbc8
64. Rh1+ Rc1 65. Ree1 Rxe1 66. Kxe1 Kc2 67. Ke2 Kc3 68. Ke3 Kc4 69. Rc1+
Kb5 70. Rc7 Kb4 71. Kf3 Kb5 72. g4 fxg4+ 73. Kxg4 1-0

[Event "93rd ch-GBR"]
[Site "Swansea WLS"]
[Date "2006.08.17"]
[Round "11"]
[White "Ashton,A"]
[Black "Fowler,S"]
[Result "0-1"]
[WhiteElo "2329"]
[BlackElo "2181"]
[EventDate "2006.08.07"]

1. e4 e6 2. d4 d5 3. Nc3 Bb4 4. e5 Ne7 5. a3 Bxc3+ 6. bxc3 c5 7. h4 Qa5 8.
Bd2 Nbc6 9. h5 Bd7 10. Nf3 O-O-O 11. h6 gxh6 12. Rxh6 Rdg8 13. g3 Nf5 14.
Rh2 Qa4 15. dxc5 Qe4+ 16. Qe2 Qxc2 17. Qd3 Qa4 18. Bh3 Na5 19. Bxf5 exf5
20. Nd4 Nb3 21. Nxb3 Qxb3 22. Rh4 Rg4 23. Rxg4 fxg4 24. a4 Qc4 25. Qxc4
dxc4 26. a5 Re8 27. Bf4 f6 28. a6 fxe5 29. Be3 Bc6 30. axb7+ Kxb7 31. Rb1+
Kc7 32. Rb4 a5 33. Rb6 Rd8 34. Ra6 Bf3 35. Bd2 Rb8 36. Bc1 Rd8 37. Bd2 Ra8
38. Rxa8 Bxa8 39. Bg5 Kc6 40. Bf6 Kd5 41. Kd2 Ke4 42. Kc2 h5 43. Kb2 Kf3
44. Bxe5 Kxf2 45. Ka3 Bc6 46. Bc7 Kg2 47. Bd6 Kh3 48. Bc7 Be8 49. Kb2 h4
50. gxh4 g3 51. c6 g2 52. Bb6 Kxh4 53. c7 Bd7 54. Kc2 Kg3 55. Bg1 Kf3 56.
Kd2 Bf5 57. Bd4 a4 58. Kc1 a3 0-1

[Event "93rd ch-GBR"]
[Site "Swansea WLS"]
[Date "2006.08.17"]
[Round "11"]
[White "Constantinou,P"]
[Black "Britton,R"]
[Result "1/2-1/2"]
[WhiteElo "2148"]
[BlackElo "2288"]
[EventDate "2006.08.07"]

1. d4 Nf6 2. Nf3 g6 3. Bf4 Bg7 4. e3 O-O 5. Be2 d5 6. O-O Bg4 7. h3 Bxf3 8.
Bxf3 c6 9. c3 Nbd7 10. Qb3 Qb6 11. Nd2 Rfe8 12. e4 dxe4 13. Nxe4 Nxe4
1/2-1/2

[Event "93rd ch-GBR"]
[Site "Swansea WLS"]
[Date "2006.08.17"]
[Round "11"]
[White "Roberts,DL"]
[Black "Snape,I"]
[Result "0-1"]
[WhiteElo "2126"]
[BlackElo "2241"]
[EventDate "2006.08.07"]

1. e4 c5 2. Nf3 d6 3. d4 cxd4 4. Nxd4 Nf6 5. Nc3 a6 6. Bg5 e6 7. f4 Qb6 8.
Qd2 Qxb2 9. Nb3 Qa3 10. Bd3 Nc6 11. O-O Be7 12. e5 dxe5 13. Bxf6 Bxf6 14.
Ne4 Qe7 15. Nxf6+ gxf6 16. Rad1 Bd7 17. fxe5 Nxe5 18. Qh6 Nxd3 19. cxd3 Rg8
20. d4 Bc6 21. Rf2 O-O-O 22. Rc1 Kb8 23. Na5 Bd5 24. Qd2 Rc8 25. Rb1 Qc7
26. Qb4 Qc1+ 27. Qe1 Qxe1+ 28. Rxe1 Rg4 29. Nb3 f5 30. Rd2 Rcg8 31. Ree2
Bxb3 32. axb3 Re4 33. Rxe4 fxe4 34. Kf2 Kc7 35. Ke3 f5 36. Kf4 Kd6 37. h3
Kd5 38. g4 fxg4 39. hxg4 Rf8+ 40. Kg5 e3 41. Rd1 Ke4 42. Kh6 Rf7 43. g5 e2
44. Re1 Ke3 0-1

[Event "93rd ch-GBR"]
[Site "Swansea WLS"]
[Date "2006.08.17"]
[Round "11"]
[White "Varley,P"]
[Black "Ledger,S"]
[Result "1/2-1/2"]
[WhiteElo "2228"]
[BlackElo "2177"]
[EventDate "2006.08.07"]

1. d4 Nf6 2. c4 c5 3. d5 b5 4. cxb5 a6 5. f3 e6 6. e4 exd5 7. e5 Qe7 8. Qe2
Ng8 9. Nc3 Bb7 10. Bf4 c4 11. Qd2 Qb4 12. Nge2 Bc5 13. a3 Qa5 14. Nd4 Bxd4
15. Qxd4 axb5 16. Bd2 b4 17. Qg4 Ne7 18. Nd1 Qc7 19. Bxb4 Qxe5+ 20. Kf2
Nbc6 21. Bd2 Qd4+ 22. Qxd4 Nxd4 23. Bc3 Nb3 24. Rb1 O-O 25. Bb4 Rfe8 26.
Ne3 Rac8 27. Rd1 Nc5 28. Be2 f5 29. g3 g6 30. Rhe1 Kg7 1/2-1/2

[Event "93rd ch-GBR"]
[Site "Swansea WLS"]
[Date "2006.08.17"]
[Round "11"]
[White "Sherwin,J"]
[Black "Bennet,W"]
[Result "1/2-1/2"]
[WhiteElo "2291"]
[BlackElo "2180"]
[EventDate "2006.08.07"]

1. e4 c5 2. Nf3 g6 3. c3 d5 4. exd5 Qxd5 5. d4 Bg7 6. Be3 cxd4 7. Bxd4 Nf6
8. Na3 O-O 9. Bc4 Qa5 10. Ne5 Nc6 11. Nxc6 bxc6 12. O-O e5 13. Be3 Nd5 14.
Bd2 Rb8 15. Bb3 Qc5 16. Qe2 a5 17. Rab1 Bf5 18. Bc2 Be6 19. Bb3 Bf5 20. Bc2
1/2-1/2

[Event "93rd ch-GBR"]
[Site "Swansea WLS"]
[Date "2006.08.17"]
[Round "11"]
[White "Cannon,Ri"]
[Black "Poobalasingam,P"]
[Result "1/2-1/2"]
[WhiteElo "2102"]
[BlackElo "2068"]
[EventDate "2006.08.07"]

1. e4 e6 2. d4 d5 3. Nc3 Nf6 4. exd5 exd5 5. Bg5 Be7 6. Bd3 c6 7. Nge2 h6
8. Bh4 O-O 9. O-O b5 10. a3 Nbd7 11. Bg3 Nb6 12. b3 a5 13. a4 b4 14. Nb1
Ne4 15. Nd2 Nxg3 16. fxg3 Bf6 17. Rc1 Qe7 18. Kh1 Bg4 19. Nf3 Rae8 20. h3
Bd7 21. Qd2 g5 1/2-1/2

[Event "93rd ch-GBR"]
[Site "Swansea WLS"]
[Date "2006.08.17"]
[Round "11"]
[White "Goodger,M"]
[Black "Pym,T"]
[Result "1-0"]
[WhiteElo "2128"]
[BlackElo "2114"]
[EventDate "2006.08.07"]

1. e4 g6 2. d4 Bg7 3. Nc3 d6 4. Be3 a6 5. f4 b5 6. Bd3 Nd7 7. Nf3 c5 8.
dxc5 Nxc5 9. Bxc5 dxc5 10. e5 Bb7 11. Qe2 Nh6 12. Be4 Bxe4 13. Qxe4 O-O 14.
O-O f6 15. Rad1 Qb6 16. Nd5 Qa7 17. c4 fxe5 18. Nxe5 e6 19. Ne3 Nf5 20. Rd7
Qb6 21. Nxf5 gxf5 22. Qf3 Rad8 23. Rfd1 Bxe5 24. Qg3+ Kh8 25. fxe5 Rxd7 26.
Rxd7 Rg8 27. Qh4 Rxg2+ 28. Kf1 1-0